000 01557cac a2200361 a 4500
003 CO-PeBPM
005 20260408163052.0
007 ta
008 191001s2017 ck a gr 000 0 spa d
020 _a9789587850499
040 _aCO-PeBPM
_bspa
_erda
_cCO-PeBPM
041 _aspa
082 0 4 _a(i) 398.8 I59t
_222
110 1 _aInstituto Técnico Popular de la Costa, (Tumaco, Nariño)
_eautor
245 0 0 _aTirulín tirulán rondas y juegos afrocolombianos
_c/ Comunidad educativa de Tumaco (Nariño) ; ilustraciones, Fabiola Castillo
250 _aSegunda edición
264 0 1 _aBogotá, Colombia
_b: Ministerio de Educación Nacional
_c, 2017
300 _a47 páginas
_bilustraciones
_c20 cm
336 _2rdacontent
_atxt
337 _2rdamedia
_an
338 _2rdacarrier
_anc
490 _aRío de Letras. Territorios Narrados PNLE
_v22
490 _aPlan Nacional de Lectura y Escritura Leer es mi cuento
500 _aColección de actualización bibliográfica para la Red de Bibliotecas Públicas del Ministerio de Cultura, Plan Nacional de Lectura y Escritura Leer es mi cuento, 2018
650 1 7 _aFolclor Infantil
_955083
_zNariño
_2LEMB
650 1 7 _aJuegos con Musica
_920156
_2LEMB
650 1 7 _aRondas Infantiles
_949727
_2LEMB
650 1 7 _aMúsica Afrocolombiana
_955084
_2LEMB
700 1 _aCastillo, Fabiola
_eilustradora
710 1 _aComunidad Educativa de Tumaco (Nariño)
_955082
830 _954892
_aDotación MinCultura y BNC - Sala de Patrimonio Bibliográfico y Documental de Risaralda
942 _2ddc
_cLITA
_n0
999 _c59659
_d59659